[Event "Rheinland Pfalz op 11th"]
[Site "Weilerbach"]
[Date "2019.06.23"]
[Round "7"]
[White "Huseynov, Ahad"]
[Black "Ries, Alexander"]
[Result "1/2-1/2"]
[WhiteElo "2074"]
[BlackElo "1928"]
[PlyCount "138"]
[EventDate "2019.06.20"]
[EventType "swiss"]
[EventRounds "7"]
[EventCountry "GER"]
[SourceTitle "CBM 191 Extra"]
[Source "ChessBase"]
[SourceDate "2019.09.30"]
[SourceVersion "1"]
[SourceVersionDate "2019.09.30"]
[SourceQuality "1"]

1. e4 e5 2. Nf3 Nc6 3. Bb5 a6 4. Ba4 Nf6 5. d3 b5 6. Bb3 Be7 7. c3 0-0 8. 0-0 d5 9. Qe2 dxe4 10. dxe4 Bc5 11. a4 Rb8 12. axb5 axb5 13. Bg5 Qe7 14. Nbd2 Be6 15. Bd5 Bd7 16. Rfe1 Nd8 17. Nf1 c6 18. Bb3 Be6 19. N3d2 Bxb3 20. Nxb3 Ne6 21. Nxc5 Nxg5 22. b4 Ne6 23. Nxe6 Qxe6 24. Ng3 Ra8 25. Qe3 Qc4 26. Rad1 Rfd8 27. h3 h6 28. Qf3 Qb3 29. Rxd8+ Rxd8 30. Nf5 Qe6 31. Qg3 Ne8 32. Re3 Qf6 33. Rf3 Nd6 34. Ne3 Nxe4 35. Rxf6 Nxg3 36. Rxc6 Ne4 37. c4 bxc4 38. Rxc4 Nd2 39. Rc5 Rb8 40. Nc2 f6 41. Rd5 Nc4 42. Kf1 Rb7 43. Ke2 Kf7 44. Kd3 Nb6 45. Rb5 Rd7+ 46. Kc3 Rc7+ 47. Kb3 Rc6 48. Rc5 Rd6 49. b5 Rd2 50. Rc6 Nd7 51. b6 Nxb6 52. Rxb6 Rxf2 53. Ne3 Re2 54. Nf5 Rxg2 55. Rb7+ Kf8 56. Rb8+ Kf7 57. Rb7+ Kg8 58. Kc4 Rg5 59. Ne7+ Kh7 60. Kd5 h5 61. Ke4 Rg1 62. Nf5 Re1+ 63. Kd3 Kg6 64. Nh4+ Kh6 65. Nf5+ Kg5 66. Nxg7 f5 67. Kd2 Rh1 68. Rb5 Kg6 69. Rxe5 Kxg7 1/2-1/2

[Event "Rheinland Pfalz op 11th"]
[Site "Weilerbach"]
[Date "2019.06.22"]
[Round "6"]
[White "Ries, Alexander"]
[Black "Mokhyber, Wiliam"]
[Result "1-0"]
[WhiteElo "1928"]
[BlackElo "1737"]
[PlyCount "53"]
[EventDate "2019.06.20"]
[EventType "swiss"]
[EventRounds "7"]
[EventCountry "GER"]
[SourceTitle "CBM 191 Extra"]
[Source "ChessBase"]
[SourceDate "2019.09.30"]
[SourceVersion "1"]
[SourceVersionDate "2019.09.30"]
[SourceQuality "1"]

1. e4 c5 2. Nc3 Nc6 3. f4 Rb8 4. Nf3 g6 5. Bb5 Bg7 6. Bxc6 bxc6 7. 0-0 Nf6 8. d3 d6 9. Qe1 Bg4 10. Nh4 Bc8 11. f5 g5 12. Bxg5 Rxb2 13. Qc1 Rb4 14. a3 Rb8 15. Bh6 Rg8 16. Bxg7 Rxg7 17. Qh6 Rg8 18. Nf3 Qa5 19. Nd1 c4 20. Ne3 Ba6 21. Nxc4 Bxc4 22. dxc4 Nxe4 23. Qxh7 Nf6 24. Qh4 Qxf5 25. Nd4 Qc5 26. Rae1 Kd7 27. Rxe7+ 1-0

[Event "Rheinland Pfalz op 11th"]
[Site "Weilerbach"]
[Date "2019.06.20"]
[Round "2"]
[White "Ries, Alexander"]
[Black "Musiolik, David"]
[Result "0-1"]
[WhiteElo "1928"]
[BlackElo "2132"]
[PlyCount "72"]
[EventDate "2019.06.20"]
[EventType "swiss"]
[EventRounds "7"]
[EventCountry "GER"]
[SourceTitle "CBM 191 Extra"]
[Source "ChessBase"]
[SourceDate "2019.09.30"]
[SourceVersion "1"]
[SourceVersionDate "2019.09.30"]
[SourceQuality "1"]

1. d4 d5 2. c4 e6 3. Nc3 Be7 4. cxd5 exd5 5. Bf4 Nf6 6. e3 0-0 7. Bd3 Re8 8. Nge2 c6 9. Qc2 Nbd7 10. Rb1 a5 11. a3 Nf8 12. h3 Ne6 13. Bh2 g6 14. Na4 b5 15. Nac3 Ng7 16. 0-0 Bf5 17. Bxf5 Nxf5 18. Nf4 Nd6 19. Nd3 Nc4 20. a4 Qb6 21. Rbd1 Bb4 22. b3 Na3 23. Qc1 Bxc3 24. Qxc3 bxa4 25. bxa4 Nc4 26. Rb1 Qa7 27. Nc5 Ne4 28. Nxe4 Rxe4 29. Rb3 Re7 30. Rfb1 Qa6 31. Bf4 Kg7 32. Rb8 Rxb8 33. Rxb8 Rb7 34. e4 Rxb8 35. Bxb8 Qb7 36. exd5 Qb1+ 0-1

[Event "SVR op"]
[Site "Lahnstein"]
[Date "2019.04.13"]
[Round "2"]
[White "Weber, Konstantin"]
[Black "Ries, Alexander"]
[Result "0-1"]
[WhiteElo "1624"]
[BlackElo "1936"]
[PlyCount "88"]
[EventDate "2019.04.13"]
[EventType "swiss"]
[EventRounds "7"]
[EventCountry "GER"]
[SourceTitle "EXT 2021"]
[Source "ChessBase"]
[SourceDate "2020.10.23"]
[SourceVersion "1"]
[SourceVersionDate "2020.10.23"]
[SourceQuality "1"]

1. e4 e5 2. Nf3 Nc6 3. Nc3 Nf6 4. Bb5 Nd4 5. d3 Nxb5 6. Nxb5 c6 7. Nc3 d6 8. h3 Be7 9. 0-0 h6 10. d4 Qc7 11. Re1 g5 12. dxe5 dxe5 13. Qd3 Nh5 14. Nh2 Nf4 15. Bxf4 gxf4 16. Nf3 Bd7 17. Qc4 Be6 18. Qd3 Rg8 19. Kh2 Bc5 20. Rf1 Rd8 21. Qe2 f6 22. b3 Bf7 23. Na4 Bd6 24. c4 b6 25. Rad1 Bh5 26. Rd3 Bb4 27. Rfd1 Rxd3 28. Qxd3 Rg7 29. Nc3 Bc5 30. Qe2 Rd7 31. Rxd7 Qxd7 32. Na4 Bb4 33. Nb2 Bg6 34. Nd3 Bc3 35. Nfe1 f5 36. exf5 Qxf5 37. g4 Qe4 38. Qxe4 Bxe4 39. f3 Bg6 40. Kg2 Ke7 41. Kf2 Ke6 42. Ke2 a5 43. h4 Bxe1 44. Nxe1 Bb1 0-1

[Event "Rheinland Pfalz op 9th"]
[Site "Lambsheim"]
[Date "2017.06.16"]
[Round "3"]
[White "Ries, Alexander"]
[Black "Van Leyen, Peter"]
[Result "1-0"]
[WhiteElo "1919"]
[BlackElo "1652"]
[PlyCount "37"]
[EventDate "2017.06.15"]
[EventType "swiss"]
[EventRounds "7"]
[EventCountry "GER"]
[SourceTitle "CBM 178 Extra"]
[Source "ChessBase"]
[SourceDate "2017.06.22"]
[SourceVersion "1"]
[SourceVersionDate "2017.06.22"]
[SourceQuality "1"]

1. e4 d6 2. Nc3 Nf6 3. f4 g6 4. Bc4 Bg7 5. d3 0-0 6. Nf3 c6 7. Bb3 Qc7 8. 0-0 Nbd7 9. Qe1 Nc5 10. Qh4 Nxb3 11. axb3 Nh5 12. f5 Bf6 13. Bg5 h6 14. Bxf6 exf6 15. g4 Qb6+ 16. Kh1 Nf4 17. Qxh6 Nxd3 18. Ng5 fxg5 19. f6 1-0

[Event "Rheinland Pfalz op 9th"]
[Site "Lambsheim"]
[Date "2017.06.15"]
[Round "2"]
[White "Barthel, Ansgar"]
[Black "Ries, Alexander"]
[Result "1-0"]
[WhiteElo "2145"]
[BlackElo "1919"]
[PlyCount "111"]
[EventDate "2017.06.15"]
[EventType "swiss"]
[EventRounds "7"]
[EventCountry "GER"]
[SourceTitle "CBM 178 Extra"]
[Source "ChessBase"]
[SourceDate "2017.06.22"]
[SourceVersion "1"]
[SourceVersionDate "2017.06.22"]
[SourceQuality "1"]

1. e4 e5 2. Nf3 Nc6 3. Bc4 Bc5 4. b4 Bb6 5. a4 a6 6. 0-0 d6 7. c3 Nf6 8. d3 h6 9. Bb3 0-0 10. Nbd2 Ne7 11. Nc4 Ba7 12. Be3 Be6 13. Bxa7 Rxa7 14. Re1 Ng6 15. d4 Re8 16. d5 Bg4 17. h3 Bd7 18. a5 Nf4 19. Ba4 Ra8 20. Bxd7 Qxd7 21. Re3 Kh7 22. Nh2 Qe7 23. Qf1 Nd7 24. g3 Ng6 25. h4 Rf8 26. h5 Nh8 27. Qh3 f5 28. Nd2 Qf7 29. c4 Qf6 30. Rf3 Qg5 31. Rd1 fxe4 32. Rxf8 Nxf8 33. Nxe4 Qe7 34. Ng4 Nf7 35. Ne3 Ng5 36. Qf5+ Kh8 37. Nxg5 Qxg5 38. Qxg5 hxg5 39. c5 Nh7 40. Rc1 Nf6 41. cxd6 cxd6 42. Rc7 Rb8 43. h6 gxh6 44. Rf7 Ne4 45. Ng4 h5 46. f3 hxg4 47. fxe4 b6 48. Rd7 bxa5 49. bxa5 Rb4 50. Rxd6 Rxe4 51. Re6 Ra4 52. d6 e4 53. Kf2 Ra3 54. Re8+ Kg7 55. Ra8 Rf3+ 56. Ke2 1-0

[Event "SVR-ch MT-B"]
[Site "Heimbach Weis"]
[Date "2017.04.15"]
[Round "9"]
[White "Ries, Alexander"]
[Black "Thieme Garmann, Alexander"]
[Result "0-1"]
[WhiteElo "1948"]
[BlackElo "2031"]
[PlyCount "50"]
[EventDate "2017.04.07"]
[EventType "tourn"]
[EventRounds "9"]
[EventCountry "GER"]
[SourceTitle "EXT 2020"]
[Source "ChessBase"]
[SourceDate "2019.10.17"]
[SourceVersion "1"]
[SourceVersionDate "2019.10.17"]
[SourceQuality "1"]

1. e4 d5 2. exd5 Nf6 3. d4 Nxd5 4. Nf3 g6 5. c4 Nb6 6. h3 Bg7 7. Nc3 0-0 8. Be3 Nc6 9. Qd2 e5 10. d5 Ne7 11. 0-0-0 Nf5 12. g4 Nxe3 13. Qxe3 Bd7 14. Be2 Qe8 15. Ne4 f5 16. gxf5 Bxf5 17. Nfd2 Qa4 18. Qb3 Bh6 19. f3 Qxb3 20. axb3 Bxe4 21. fxe4 Nd7 22. Kc2 Rf2 23. Rde1 a5 24. Nb1 Raf8 25. Rhf1 Rxe2+ 0-1

[Event "SVR-ch MT-B"]
[Site "Heimbach Weis"]
[Date "2017.04.08"]
[Round "3"]
[White "Schwab, Thomas"]
[Black "Ries, Alexander"]
[Result "1/2-1/2"]
[WhiteElo "1983"]
[BlackElo "1948"]
[PlyCount "82"]
[EventDate "2017.04.07"]
[EventType "tourn"]
[EventRounds "9"]
[EventCountry "GER"]
[SourceTitle "EXT 2020"]
[Source "ChessBase"]
[SourceDate "2019.10.17"]
[SourceVersion "1"]
[SourceVersionDate "2019.10.17"]
[SourceQuality "1"]

1. e4 e5 2. Nf3 Nc6 3. Bc4 Bc5 4. 0-0 Nf6 5. d3 d6 6. a4 a6 7. c3 Ba7 8. Bg5 h6 9. Bh4 g5 10. Bg3 Be6 11. Nbd2 Qd7 12. b4 Ne7 13. Qb3 Ng6 14. a5 Nf4 15. Bxe6 fxe6 16. c4 N6h5 17. Rfd1 Qf7 18. b5 Ne2+ 19. Kh1 Nhxg3+ 20. fxg3 Qh5 21. b6 Nxg3+ 22. Kg1 Ne2+ 23. Kf2 Nd4 24. Nxd4 exd4 25. bxa7 Qxh2 26. Rg1 0-0+ 27. Ke2 Qg3 28. Nf3 Rxa7 29. Raf1 c5 30. Kd1 Raa8 31. Qb2 Rf7 32. Qe2 Raf8 33. Qe1 Qg4 34. Kc2 e5 35. Qe2 Qd7 36. Nd2 Qa4+ 37. Kb1 Qb4+ 38. Kc2 Qc3+ 39. Kb1 Qb4+ 40. Kc2 Qc3+ 41. Kb1 Qb4+ 1/2-1/2

[Event "SVR-ch MTB 38th"]
[Site "Nickenich"]
[Date "2015.04.02"]
[Round "7"]
[White "Ries, Alexander"]
[Black "Froembgen, Wolfgang"]
[Result "1-0"]
[WhiteElo "1934"]
[BlackElo "2083"]
[PlyCount "37"]
[EventDate "2015.03.27"]
[EventType "tourn"]
[EventRounds "9"]
[EventCountry "GER"]
[SourceTitle "EXT 2016"]
[Source "ChessBase"]
[SourceDate "2015.10.08"]
[SourceVersion "1"]
[SourceVersionDate "2015.10.08"]
[SourceQuality "1"]

1. e4 c5 2. Nc3 e6 3. f4 a6 4. Nf3 Nc6 5. d3 d5 6. Be2 g6 7. 0-0 Bg7 8. Qe1 Nge7 9. Kh1 b5 10. Qh4 Nd4 11. Bd1 Nxf3 12. Bxf3 Bb7 13. f5 gxf5 14. Bh6 Bxh6 15. Qxh6 Qd7 16. Bh5 Rf8 17. exf5 0-0-0 18. fxe6 fxe6 19. Rxf8 1-0

[Event "Rheinland Pfalz op 6th"]
[Site "Gau Algesheim"]
[Date "2014.06.21"]
[Round "5"]
[White "Marzec, Witold"]
[Black "Ries, Alexander"]
[Result "0-1"]
[WhiteElo "1800"]
[BlackElo "1926"]
[PlyCount "100"]
[EventDate "2014.06.19"]
[EventType "swiss"]
[EventRounds "7"]
[EventCountry "GER"]
[SourceTitle "CBM 161 Extra"]
[Source "ChessBase"]
[SourceDate "2014.08.29"]
[SourceVersion "1"]
[SourceVersionDate "2014.08.29"]
[SourceQuality "1"]

1. d4 d5 2. c4 c6 3. Nf3 Nf6 4. e3 Bf5 5. Nc3 e6 6. Be2 Nbd7 7. Nh4 Bg6 8. Nxg6 hxg6 9. Bd2 Bd6 10. h3 Qe7 11. c5 Bc7 12. b4 e5 13. b5 exd4 14. exd4 Ne4 15. bxc6 bxc6 16. Qc2 Nxd2 17. Qxd2 Ba5 18. 0-0 0-0 19. Bf3 Qh4 20. Qd3 Nf6 21. Ne2 Bc7 22. Rab1 g5 23. Rb7 Rac8 24. Qf5 Rfe8 25. g3 Qh6 26. Bg4 Nxg4 27. hxg4 g6 28. Qf3 Kg7 29. Nc3 Qh3 30. Rd1 Re6 31. Rxa7 Rce8 32. Rf1 R8e7 33. Ra8 Rf6 34. Qh1 Qxh1+ 35. Kxh1 Bxg3 36. Kg2 Bh4 37. f3 Rf4 38. Ra4 Re3 39. Nb1 Rd3 40. Ra6 Rf6 41. Ra4 Re6 42. Rb4 Re2+ 43. Kh1 Rxa2 44. Rg1 Rxf3 45. Rg2 Rh3+ 46. Kg1 Rxg2+ 47. Kxg2 Rg3+ 48. Kf1 Rxg4 49. Nd2 Rf4+ 50. Ke2 g4 0-1

[Event "Rheinland Pfalz op 6th"]
[Site "Gau Algesheim"]
[Date "2014.06.21"]
[Round "4"]
[White "Ries, Alexander"]
[Black "Schoen, Ralf"]
[Result "0-1"]
[WhiteElo "1926"]
[BlackElo "2170"]
[PlyCount "62"]
[EventDate "2014.06.19"]
[EventType "swiss"]
[EventRounds "7"]
[EventCountry "GER"]
[SourceTitle "CBM 161 Extra"]
[Source "ChessBase"]
[SourceDate "2014.08.29"]
[SourceVersion "1"]
[SourceVersionDate "2014.08.29"]
[SourceQuality "1"]

1. e4 c5 2. Nc3 Nc6 3. f4 g6 4. Nf3 Bg7 5. Bb5 Nd4 6. 0-0 Nxb5 7. Nxb5 a6 8. Nc3 d6 9. d3 Nf6 10. Qe1 0-0 11. Qh4 Bd7 12. f5 Bc6 13. Bh6 Qd7 14. Ng5 Rfc8 15. fxg6 hxg6 16. Rf3 Qe8 17. Bxg7 Kxg7 18. Rh3 Qh8 19. Qf4 Qg8 20. Rf1 Kf8 21. e5 dxe5 22. Qxe5 Qg7 23. Nce4 Bxe4 24. Nxe4 Ng8 25. Qd5 Qd4+ 26. Qxd4 cxd4 27. Ng5 Nf6 28. Rf4 Kg7 29. Rxd4 Rxc2 30. Rb4 Rac8 31. Re3 Nd5 0-1

[Event "Rheinland Pfalz op 6th"]
[Site "Gau Algesheim"]
[Date "2014.06.19"]
[Round "2"]
[White "Starostits, Ilmars"]
[Black "Ries, Alexander"]
[Result "1-0"]
[WhiteElo "2464"]
[BlackElo "1926"]
[PlyCount "47"]
[EventDate "2014.06.19"]
[EventType "swiss"]
[EventRounds "7"]
[EventCountry "GER"]
[SourceTitle "CBM 161 Extra"]
[Source "ChessBase"]
[SourceDate "2014.08.29"]
[SourceVersion "1"]
[SourceVersionDate "2014.08.29"]
[SourceQuality "1"]

1. d4 d5 2. c4 c6 3. Nf3 Nf6 4. e3 e6 5. b3 Nbd7 6. Bd3 Be7 7. Bb2 0-0 8. 0-0 b6 9. Qc2 Re8 10. Ne5 Bb7 11. Nd2 Rc8 12. Ndf3 h6 13. Rad1 Nf8 14. c5 N6d7 15. b4 Nxe5 16. Nxe5 f6 17. Nf3 Nd7 18. Bg6 Rf8 19. e4 bxc5 20. dxc5 Ba6 21. exd5 cxd5 22. Rfe1 e5 23. Qf5 Bc4 24. Nh4 1-0

[Event "SVR-ch MAT-II 35th"]
[Site "Nickenich"]
[Date "2012.04.07"]
[Round "9"]
[White "Buerger, Helmut"]
[Black "Ries, Alexander"]
[Result "0-1"]
[WhiteElo "1986"]
[BlackElo "1829"]
[PlyCount "36"]
[EventDate "2012.03.30"]
[EventType "tourn"]
[EventRounds "9"]
[EventCountry "GER"]
[SourceTitle "EXT 2013"]
[Source "ChessBase"]
[SourceDate "2012.11.22"]
[SourceVersion "1"]
[SourceVersionDate "2012.11.22"]
[SourceQuality "1"]

1. e4 e5 2. Nf3 Nc6 3. Bc4 Bc5 4. c3 Nf6 5. d4 exd4 6. cxd4 Bb4+ 7. Nc3 Nxe4 8. 0-0 Bxc3 9. d5 Bf6 10. Re1 Ne7 11. Rxe4 d6 12. Bg5 Bxg5 13. Nxg5 h6 14. Qe2 hxg5 15. Re1 Be6 16. Rxe6 fxe6 17. Qxe6 Kf8 18. Re3 Ng8 0-1

[Event "SVR-ch MAT-II 35th"]
[Site "Nickenich"]
[Date "2012.03.30"]
[Round "1"]
[White "Hardt, Bernd"]
[Black "Ries, Alexander"]
[Result "1/2-1/2"]
[WhiteElo "2042"]
[BlackElo "1829"]
[PlyCount "103"]
[EventDate "2012.03.30"]
[EventType "tourn"]
[EventRounds "9"]
[EventCountry "GER"]
[SourceTitle "EXT 2013"]
[Source "ChessBase"]
[SourceDate "2012.11.22"]
[SourceVersion "1"]
[SourceVersionDate "2012.11.22"]
[SourceQuality "1"]

1. Nf3 Nf6 2. d4 e6 3. c4 Bb4+ 4. Bd2 Qe7 5. Nc3 b6 6. g3 Bb7 7. Bg2 0-0 8. 0-0 d5 9. Ne5 c5 10. a3 Bxc3 11. Bxc3 Nc6 12. dxc5 bxc5 13. b4 Nxe5 14. Bxe5 Rfd8 15. bxc5 Qxc5 16. Bxf6 gxf6 17. cxd5 Bxd5 18. Bxd5 Rxd5 19. Qb3 Rad8 20. Rac1 Qd6 21. Rc4 Rd4 22. Rfc1 Rd1+ 23. Rxd1 Qxd1+ 24. Qxd1 Rxd1+ 25. Kg2 Rd5 26. Ra4 a5 27. e4 Rc5 28. g4 Kg7 29. h4 Kg6 30. Kg3 h6 31. h5+ Kg7 32. Kf4 Kf8 33. Ke3 f5 34. Kd4 Rb5 35. gxf5 exf5 36. e5 Ke7 37. f4 Kd7 38. Rc4 Rb3 39. a4 Rf3 40. Kc5 Rb3 41. Rd4+ Ke7 42. Kd5 Rh3 43. Kc6 Rxh5 44. Kb5 Rh2 45. Kxa5 h5 46. Ka6 h4 47. a5 h3 48. Rd3 Rh1 49. Ka7 h2 50. Rh3 Ra1 51. Rxh2 Rxa5+ 52. Kb6 1/2-1/2

[Event "SVR-ch MAT-II 34th"]
[Site "Reil"]
[Date "2011.04.22"]
[Round "8"]
[White "Mallmann, Bernd"]
[Black "Ries, Alexander"]
[Result "0-1"]
[WhiteElo "1915"]
[BlackElo "1848"]
[PlyCount "64"]
[EventDate "2011.04.15"]
[EventType "tourn"]
[EventRounds "9"]
[EventCountry "GER"]
[SourceTitle "EXT 2013"]
[Source "ChessBase"]
[SourceDate "2012.11.22"]
[SourceVersion "1"]
[SourceVersionDate "2012.11.22"]
[SourceQuality "1"]

1. c4 c6 2. Nc3 d5 3. e3 Nf6 4. g3 Nbd7 5. cxd5 cxd5 6. Bg2 e6 7. Nge2 g6 8. b3 Bg7 9. Bb2 0-0 10. 0-0 b6 11. Rc1 Ba6 12. d3 Nc5 13. d4 Nd3 14. Rc2 Nxb2 15. Rxb2 Rc8 16. Qd2 Qe7 17. Rc2 Rc7 18. Rfc1 Rfc8 19. Nf4 Qd7 20. h4 Bf8 21. Bf1 Bxf1 22. Kxf1 Ba3 23. Rd1 Bb4 24. Rdc1 Ne4 25. Nxe4 Bxd2 26. Rxc7 Qb5+ 27. Kg2 Rxc7 28. Rxc7 dxe4 29. Rxa7 e5 30. dxe5 Qxe5 31. Ra8+ Kg7 32. Ra7 h6 0-1

[Event "SVR-ch MAT-II 34th"]
[Site "Reil"]
[Date "2011.04.21"]
[Round "7"]
[White "Bonk, Andras"]
[Black "Ries, Alexander"]
[Result "1-0"]
[WhiteElo "1876"]
[BlackElo "1848"]
[PlyCount "79"]
[EventDate "2011.04.15"]
[EventType "tourn"]
[EventRounds "9"]
[EventCountry "GER"]
[SourceTitle "EXT 2013"]
[Source "ChessBase"]
[SourceDate "2012.11.22"]
[SourceVersion "1"]
[SourceVersionDate "2012.11.22"]
[SourceQuality "1"]

1. e4 c6 2. d4 d5 3. Nc3 dxe4 4. Nxe4 Bf5 5. Ng3 Bg6 6. h4 h6 7. h5 Bh7 8. Nf3 Nd7 9. Bd3 Bxd3 10. Qxd3 Qc7 11. Bd2 Ngf6 12. 0-0-0 e6 13. Qe2 0-0-0 14. Ne5 Nxe5 15. dxe5 Nd7 16. f4 Be7 17. Rhf1 Rhe8 18. Ne4 Nc5 19. Bb4 Nb3+ 20. axb3 Bxb4 21. c3 Bf8 22. Rf3 Rxd1+ 23. Qxd1 Rd8 24. Rd3 Rxd3 25. Qxd3 f6 26. Qc4 Kd7 27. Qd4+ Ke8 28. Qxa7 fxe5 29. fxe5 c5 30. Qa8+ Kf7 31. Nd6+ Bxd6 32. exd6 Qxd6 33. Qxb7+ Kg8 34. Qe4 Kf7 35. b4 cxb4 36. cxb4 Qa6 37. Kc2 Qb5 38. g4 e5 39. Kc3 Qb6 40. Qg6+ 1-0

[Event "SVR-ch MAT-II 34th"]
[Site "Reil"]
[Date "2011.04.15"]
[Round "1"]
[White "Goedde, Patrick"]
[Black "Ries, Alexander"]
[Result "0-1"]
[WhiteElo "1815"]
[BlackElo "1848"]
[PlyCount "70"]
[EventDate "2011.04.15"]
[EventType "tourn"]
[EventRounds "9"]
[EventCountry "GER"]
[SourceTitle "EXT 2013"]
[Source "ChessBase"]
[SourceDate "2012.11.22"]
[SourceVersion "1"]
[SourceVersionDate "2012.11.22"]
[SourceQuality "1"]

1. d4 c6 2. e4 d5 3. Nc3 dxe4 4. Nxe4 Bf5 5. Ng3 Bg6 6. f4 e6 7. Nf3 Nd7 8. Bd3 Bxd3 9. Qxd3 Ngf6 10. f5 exf5 11. Nxf5 g6 12. Qe2+ Be7 13. Nd6+ Kf8 14. Bh6+ Kg8 15. Nxf7 Kxf7 16. Ng5+ Ke8 17. 0-0 Qc7 18. Rae1 Qd6 19. Ne6 Nf8 20. Nxf8 Rxf8 21. Bxf8 Kxf8 22. Rxf6+ Bxf6 23. c3 Kg7 24. Qe3 Rf8 25. a4 Rf7 26. Rf1 Re7 27. Qf2 Qe6 28. Kh1 Rf7 29. Qd2 Bg5 30. Rxf7+ Kxf7 31. Qd1 Qe3 32. Qb3+ Kf6 33. h4 Qe1+ 34. Kh2 Qxh4+ 35. Kg1 Be3+ 0-1

[Event "SVR-op 30th"]
[Site "Nickenich"]
[Date "2007.04.05"]
[Round "5"]
[White "Konstantinovskij, Dimitrij"]
[Black "Ries, Alexander"]
[Result "1-0"]
[WhiteElo "1620"]
[BlackElo "1495"]
[PlyCount "75"]
[EventDate "2007.03.31"]
[EventType "swiss"]
[EventRounds "7"]
[EventCountry "GER"]
[SourceTitle "EXT 2009"]
[Source "ChessBase"]
[SourceDate "2008.11.26"]
[SourceVersion "1"]
[SourceVersionDate "2008.11.26"]
[SourceQuality "1"]

1. e4 c6 2. Nf3 d5 3. exd5 cxd5 4. d4 Nc6 5. c3 Bg4 6. Nbd2 e6 7. Bd3 Nf6 8. 0-0 Bd6 9. Re1 Qc7 10. Qc2 Rc8 11. a3 0-0 12. b3 h6 13. Bb2 Bf4 14. c4 Rfd8 15. c5 Re8 16. b4 e5 17. dxe5 Nxe5 18. Nxe5 Bxe5 19. h3 Bxb2 20. Qxb2 Be6 21. Re3 Re7 22. Rae1 b6 23. Nb3 bxc5 24. Nxc5 Rce8 25. Bb5 Rc8 26. Nxe6 fxe6 27. Rxe6 Rxe6 28. Rxe6 a5 29. Rc6 Qd7 30. Rxc8+ Qxc8 31. bxa5 Qc5 32. a6 Qb6 33. Qb4 Ne4 34. Qb2 Nxf2 35. Qxf2 Qxb5 36. a7 Qa6 37. Qc5 Kh7 38. Qc7 1-0